| 000 | 00791nam a2200205Ii 4500 | ||
|---|---|---|---|
| 003 | JO-AjNU | ||
| 008 | 230605s9999||||xx |||||||||||||| ||und|| | ||
| 040 |
_aJO-AjNU _bara _erda _cJO-AjNU |
||
| 041 | _aara | ||
| 050 | 1 | 4 | _aBP166.8.M376 2002 |
| 100 | 3 |
_aالمروزي، نعيم بن حماد بن معاوية بن الحارث ؛ ضبط وتعليق مجدي بن منصور بن سيد الشورى, _eauthor _956606 |
|
| 245 | 0 | 0 | _aالفتن |
| 250 | _aط2 | ||
| 264 | 3 | 1 | _aبيروت: دار الكتب العلمية: 2002 |
| 300 |
_a552ص _bالفهارس العامة ص 483-547 |
||
| 336 |
_atext _btxt _2rdacontent |
||
| 337 |
_aunmediated _bn _2rdamedia |
||
| 338 |
_avolume _bnc _2rdacarrier |
||
| 650 | 4 |
_aالفتن- علامات الساعة- يوم القيامة _956607 |
|
| 999 |
_aA25316 _c28884 _d28884 |
||